[Event "7th Sunway Sitges 2020"]
[Site "Sitges ESP"]
[Date "2020.12.14"]
[Round "2.13"]
[White "Esplugas Esteve, Vicenc"]
[Black "Lopez Martinez, Josep Manuel"]
[Result "1-0"]
[WhiteTitle "FM"]
[BlackTitle "GM"]
[WhiteElo "2319"]
[BlackElo "2542"]
[WhiteFideId "22200789"]
[BlackFideId "2212943"]
[EventDate "2020.12.13"]

1. e4 e5 2. Nf3 Nc6 3. Bb5 a6 4. Ba4 g6 5. d4 exd4 6. Nxd4 b5 7. Nxc6 dxc6 8.
Qxd8+ Kxd8 9. Bb3 Ke8 10. O-O Bb7 11. Bf4 Bg7 12. c3 Rc8 13. a4 Nf6 14. Nd2 Nd7
15. Bc2 Nc5 16. Be3 Rd8 17. Rfd1 Bf8 18. Nb3 Rxd1+ 19. Rxd1 Nxb3 20. Bxb3 Be7
21. f3 g5 22. e5 Bc8 23. Bc2 Bd7 24. Kf2 h5 25. g3 g4 26. f4 h4 27. Kg2 hxg3 28.
hxg3 c5 29. axb5 Bxb5 30. Be4 Rh6 31. f5 Rh5 32. Bf4 Bg5 33. f6 Bxf4 34. gxf4 c4
35. Kg3 Rh3+ 36. Kxg4 Re3 37. Bf5 Bc6 38. Rg1 Re2 39. Kh3 Kf8 40. Bh7 Bd7+ 41.
f5 1-0

[Event "7th Sunway Sitges 2020"]
[Site "Sitges ESP"]
[Date "2020.12.14"]
[Round "2.14"]
[White "Mendonca, Leon Luke"]
[Black "Unuk, Laura"]
[Result "0-1"]
[WhiteTitle "IM"]
[BlackTitle "WGM"]
[WhiteElo "2530"]
[BlackElo "2346"]
[WhiteFideId "35028561"]
[BlackFideId "14609215"]
[EventDate "2020.12.13"]

1. d4 Nf6 2. c4 e6 3. Nf3 d5 4. Nc3 a6 5. cxd5 exd5 6. Bg5 c6 7. Qc2 Be6 8. e3
Bd6 9. Bd3 Nbd7 10. O-O Qc7 11. Bh4 h6 12. Bg3 O-O 13. b4 Nh5 14. Bxd6 Qxd6 15.
Rab1 g6 16. a4 Bg4 17. Nd2 Ng7 18. e4 dxe4 19. Ncxe4 Qxd4 20. h3 Bf5 21. Nf3 Qb6
22. Nd6 Bxd3 23. Qxd3 Rad8 24. a5 Qc7 25. Ne4 f5 26. Qc4+ Kh7 27. Neg5+ hxg5 28.
Nxg5+ Kh6 29. Qh4+ Nh5 30. Ne6 Qb8 31. Rfe1 Rde8 32. Qg5+ Kh7 33. Nxf8+ Nxf8 34.
Rbd1 Kg8 35. Re7 Qc8 36. Rd6 Ng7 37. Qf6 Rxe7 38. Qxe7 Qe8 39. Qxe8 Nxe8 40. Rd4
Kf7 41. Kf1 Ke7 42. Ke2 Nf6 43. Kd3 Ne6 44. Rh4 Kf7 45. Rc4 Nd5 46. g3 Ng5 47.
g4 Nxh3 48. gxf5 gxf5 49. Rh4 Nxf2+ 50. Ke2 Ne4 51. Rh7+ Ke6 52. Rxb7 Nd6 53.
Rb8 Ke5 54. Kf3 Kd4 55. Rd8 Nb5 56. Rf8 Kc4 57. Kf2 Nd4 0-1

[Event "7th Sunway Sitges 2020"]
[Site "Sitges ESP"]
[Date "2020.12.14"]
[Round "2.15"]
[White "Msellek, Ilyass"]
[Black "Cuenca Jimenez, Jose Fernando"]
[Result "1-0"]
[WhiteTitle "FM"]
[BlackTitle "GM"]
[WhiteElo "2316"]
[BlackElo "2528"]
[WhiteFideId "675938"]
[BlackFideId "2255570"]
[EventDate "2020.12.13"]

1. e4 e5 2. Nf3 Nc6 3. Bb5 a6 4. Ba4 Nf6 5. Nc3 b5 6. Bb3 Be7 7. a4 Rb8 8. axb5
axb5 9. d3 d6 10. Nd5 Nxd5 11. Bxd5 Nb4 12. Bb3 c5 13. c3 Nxd3+ 14. Qxd3 c4 15.
Bxc4 bxc4 16. Qxc4 O-O 17. O-O Be6 18. Qd3 Qc7 19. Nd2 Rfc8 20. Rd1 Qc6 21. Nf1
Bc4 22. Qf3 Qb5 23. Qg3 Be2 24. Re1 Bd3 25. Ra7 Re8 26. Qf3 d5 27. exd5 e4 28.
Qg3 Bc5 29. Bh6 Bf8 30. Bf4 Rbd8 31. Ne3 Qxb2 32. Be5 Ra8 33. Rxa8 Rxa8 34. h4
h5 35. Qg5 Ra2 36. Qg3 Ra8 37. d6 Qd2 38. Rd1 Qe2 39. Kh2 Kh7 40. Qf4 f6 41.
Qf5+ Kh8 42. Bg3 Qa2 43. Qxh5+ Kg8 44. c4 Rd8 45. Qd5+ Kh8 46. c5 Qa3 47. h5 Kh7
48. Qf5+ Kh8 49. h6 Qa4 50. hxg7+ Bxg7 51. Qh5+ Kg8 52. Qd5+ 1-0

[Event "7th Sunway Sitges 2020"]
[Site "Sitges ESP"]
[Date "2020.12.14"]
[Round "2.16"]
[White "Checa, Nicolas"]
[Black "Yu, Jennifer"]
[Result "1-0"]
[WhiteTitle "GM"]
[BlackTitle "FM"]
[WhiteElo "2527"]
[BlackElo "2328"]
[WhiteFideId "2069342"]
[BlackFideId "2078341"]
[EventDate "2020.12.13"]

1. d4 Nf6 2. c4 e6 3. Nf3 d5 4. Bg5 Bb4+ 5. Nc3 h6 6. Bxf6 Qxf6 7. Qb3 Bxc3+ 8.
Qxc3 c6 9. e3 Nd7 10. Bd3 dxc4 11. Bxc4 O-O 12. O-O c5 13. Rfd1 Nb6 14. Be2 cxd4
15. Qxd4 Qxd4 16. Nxd4 e5 17. Nb5 Bd7 18. Nd6 Bc6 19. Bf3 Bxf3 20. gxf3 Rab8 21.
Rac1 Rfd8 22. Kf1 Rd7 23. Ke2 Kf8 24. b3 g6 25. Rd2 Ke7 26. Rcd1 Rc7 27. a4 a5
28. Nb5 Rc6 29. e4 f5 30. Rd6 Rbc8 31. f4 exf4 32. exf5 gxf5 33. Kf3 Rxd6 34.
Rxd6 Nd7 35. Rxh6 Ne5+ 36. Kxf4 Nd3+ 37. Ke3 Nc5 38. Nd4 Nxb3 39. Nxf5+ Kd7 40.
Rh7+ Ke6 41. Kf4 Nc5 42. Rh6+ Kd7 43. h4 Nxa4 44. Rh7+ Ke6 45. Rxb7 Kf6 46. Nd6
Rf8 47. Ne4+ Kg6+ 48. Kg4 Rf5 49. f4 Rf7 50. h5+ Kg7 51. h6+ Kg6 52. Rxf7 Kxf7
53. Kg5 Nb6 54. Nd6+ Kf8 55. Kg6 Nd5 56. h7 1-0

[Event "7th Sunway Sitges 2020"]
[Site "Sitges ESP"]
[Date "2020.12.14"]
[Round "2.17"]
[White "Garcia Gimenez, Santiago"]
[Black "Bellahcene, Bilel"]
[Result "0-1"]
[BlackTitle "GM"]
[WhiteElo "2300"]
[BlackElo "2510"]
[WhiteFideId "32063350"]
[BlackFideId "696358"]
[EventDate "2020.12.13"]

1. e4 c5 2. Nf3 d6 3. Nc3 Nf6 4. e5 dxe5 5. Nxe5 a6 6. a4 Qc7 7. d4 e6 8. Bf4
Bd6 9. Bg3 O-O 10. Be2 Rd8 11. Qd2 Nc6 12. Nxc6 bxc6 13. Rd1 Bxg3 14. hxg3 cxd4
15. g4 Bb7 16. Nb1 c5 17. Bf3 Bxf3 18. gxf3 Qb7 19. Rh3 Qxb2 20. Qd3 c4 21. Qxc4
Rac8 22. Qxa6 Qxc2 23. Nd2 Nd5 24. Rh1 Rc6 25. Qa5 Rdc8 26. Ne4 Qb3 27. Nd2
Qxd1+ 0-1

[Event "7th Sunway Sitges 2020"]
[Site "Sitges ESP"]
[Date "2020.12.14"]
[Round "2.19"]
[White "Garcia Jimenez, Francisco Javier"]
[Black "Narciso Dublan, Marc"]
[Result "0-1"]
[WhiteTitle "FM"]
[BlackTitle "GM"]
[WhiteElo "2288"]
[BlackElo "2495"]
[WhiteFideId "2231590"]
[BlackFideId "2201500"]
[EventDate "2020.12.13"]

1. e4 e6 2. g3 d5 3. Bg2 Nf6 4. e5 Ng8 5. Nf3 c5 6. c3 Nc6 7. d4 Nge7 8. O-O Nf5
9. Na3 cxd4 10. cxd4 Bd7 11. Nc2 Rc8 12. Bg5 Be7 13. Bxe7 Nfxe7 14. Ne3 Qb6 15.
Qd2 Qb4 16. Qxb4 Nxb4 17. a3 Nbc6 18. Rfc1 O-O 19. Rc3 f5 20. exf6 gxf6 21. Bh3
Rcd8 22. Rd1 e5 23. Bxd7 Rxd7 24. dxe5 fxe5 25. Ng4 Ng6 26. Re3 e4 27. Ng5 h5
28. Rxe4 hxg4 29. Rxg4 Nge5 30. Ra4 d4 31. f4 Ng4 32. h3 Ne3 33. Rd3 a5 0-1

[Event "7th Sunway Sitges 2020"]
[Site "Sitges ESP"]
[Date "2020.12.14"]
[Round "2.20"]
[White "Garriga Cazorla, Pere"]
[Black "Boyer, Mahel"]
[Result "1-0"]
[WhiteTitle "IM"]
[BlackTitle "FM"]
[WhiteElo "2487"]
[BlackElo "2307"]
[WhiteFideId "32011601"]
[BlackFideId "45102422"]
[EventDate "2020.12.13"]

1. d4 Nf6 2. c4 e6 3. Nc3 d5 4. Nf3 h6 5. g3 Bd6 6. Bg2 O-O 7. O-O Nc6 8. cxd5
exd5 9. Nb5 Bf5 10. h3 Qd7 11. Nxd6 cxd6 12. Kh2 Rfe8 13. g4 Be4 14. Bf4 a5 15.
Qd2 a4 16. Rac1 Ra6 17. g5 hxg5 18. Bxg5 Bxf3 19. exf3 Qf5 20. h4 Nh7 21. Rfe1
Raa8 22. Qf4 Qxf4+ 23. Bxf4 Nxd4 24. Bxd6 Nf5 25. Bg3 Nf6 26. Rxe8+ Rxe8 27. Bf1
Nxg3 28. fxg3 a3 29. Rc2 Re3 30. Kg2 axb2 31. Rxb2 Ra3 32. Kf2 g6 33. Be2 Kg7
34. Bd1 Nd7 35. Bb3 Nc5 36. Ke3 Nxb3 37. axb3 Ra1 38. Rd2 Ra5 39. Kd4 Kf6 40.
Re2 Rb5 41. Rb2 Ra5 42. g4 Ke6 43. Rh2 Kf6 44. Re2 Ra1 45. Kxd5 Rh1 46. Re4 Rxh4
47. Rf4+ Kg7 48. Rb4 Rh3 49. Ke4 f5+ 50. Kf4 fxg4 51. fxg4 Rd3 52. Rxb7+ Kf6 53.
Rb6+ Kg7 54. g5 Rd5 55. Rb7+ Kg8 56. b4 Rf5+ 57. Kg4 Rd5 58. b5 Rd4+ 59. Kf3 Rb4
60. Ke3 Kf8 61. Kd3 Ke8 62. Kc3 Rg4 63. b6 Rxg5 64. Rg7 Rb5 65. b7 Kd8 66. Kc4
Rb1 67. Kc5 g5 68. Kc6 Rc1+ 69. Kb6 Rb1+ 70. Ka7 Ra1+ 71. Kb8 Ra5 72. Rg6 Kd7
73. Rg8 Rb5 74. Ka7 Ke6 75. Ka6 1-0

[Event "7th Sunway Sitges 2020"]
[Site "Sitges ESP"]
[Date "2020.12.14"]
[Round "2.21"]
[White "Jimenez Ruano, Adrian"]
[Black "Dardha, Daniel"]
[Result "0-1"]
[WhiteTitle "FM"]
[BlackTitle "IM"]
[WhiteElo "2279"]
[BlackElo "2485"]
[WhiteFideId "22276050"]
[BlackFideId "240990"]
[EventDate "2020.12.13"]

1. d4 Nf6 2. c4 e6 3. Nc3 Bb4 4. Qc2 d5 5. cxd5 exd5 6. Bg5 h6 7. Bxf6 Qxf6 8.
e3 O-O 9. a3 Bxc3+ 10. Qxc3 c6 11. Ne2 Nd7 12. Nf4 Qe7 13. Bd3 g5 14. Ne2 f5 15.
O-O Nf6 16. Rae1 Ne4 17. Qc2 Bd7 18. f3 Nd6 19. Ng3 Rae8 20. Qc3 Rf6 21. Re2 Qf7
22. Rfe1 Rf8 23. Bb1 g4 24. Ba2 Qg6 25. Rf2 f4 26. exf4 Rxf4 27. Re3 Nb5 28. Qc1
Nxd4 29. Re4 Ne6 30. Rxf4 Rxf4 31. Bb1 Qg5 32. Qc2 Nf8 33. fxg4 Rxf2 34. Kxf2
Qf4+ 35. Kg1 Bxg4 36. Nf1 Bh5 37. Qc5 Ne6 38. Qxa7 Nd4 39. Qa8+ Kg7 40. Qxb7+
Kf6 41. g4 Ne2+ 42. Kg2 Qxg4+ 43. Kf2 Qh4+ 44. Ke3 Qd4# 0-1

[Event "7th Sunway Sitges 2020"]
[Site "Sitges ESP"]
[Date "2020.12.14"]
[Round "2.25"]
[White "Stefanova, Antoaneta"]
[Black "Souhardo, Basak"]
[Result "1/2-1/2"]
[WhiteTitle "GM"]
[WhiteElo "2466"]
[BlackElo "2276"]
[WhiteFideId "2902257"]
[BlackFideId "35092910"]
[EventDate "2020.12.13"]

1. d4 Nf6 2. Nf3 e6 3. e3 d5 4. Bd3 b6 5. O-O Bb7 6. b3 Bd6 7. c4 Nbd7 8. cxd5
exd5 9. Ba3 Qe7 10. Bxd6 Qxd6 11. Nc3 a6 12. Rc1 O-O 13. Qe2 Ne4 14. Qb2 f5 15.
Ne2 Rae8 16. Nf4 c6 17. Bb1 a5 18. Rfe1 Qh6 19. Nd3 Ng5 20. Nxg5 Qxg5 21. a3 Qh6
22. f4 Ba6 23. Nf2 Re6 24. Bd3 Bb7 25. b4 axb4 26. axb4 b5 27. Nh3 Rg6 28. Ng5
Rxg5 29. fxg5 Qxg5 30. Qf2 Qe7 31. Qf4 Nb8 32. Rf1 g6 33. Bxb5 g5 34. Qg3 f4 35.
exf4 cxb5 36. f5 Qf6 37. Rc7 Bc6 38. Qe5 Na6 39. Qxf6 Rxf6 40. Re7 Nxb4 41. g4
Nc2 42. h4 Nxd4 43. hxg5 Rf7 44. Re3 b4 45. Rd1 Nc2 46. Re6 Rc7 47. g6 b3 48.
gxh7+ Kxh7 49. Rd3 b2 50. Rh3+ Kg8 51. Rb3 Nd4 1/2-1/2

[Event "7th Sunway Sitges 2020"]
[Site "Sitges ESP"]
[Date "2020.12.14"]
[Round "2.26"]
[White "Degardin, Sylvain"]
[Black "Vasquez Schroeder, Rodrigo"]
[Result "0-1"]
[BlackTitle "GM"]
[WhiteElo "2227"]
[BlackElo "2459"]
[WhiteFideId "20623070"]
[BlackFideId "3400042"]
[EventDate "2020.12.13"]

1. e4 e5 2. Nf3 Nc6 3. Bb5 a6 4. Ba4 Nf6 5. O-O Be7 6. d3 d6 7. c3 O-O 8. Re1 b5
9. Bc2 Bb7 10. Nbd2 Re8 11. d4 Bf8 12. a3 Nb8 13. b4 Nbd7 14. d5 c6 15. c4 Nb6
16. Qe2 h6 17. Bb2 Nxc4 18. Nxc4 bxc4 19. dxc6 Bxc6 20. Qxc4 Qb6 21. h3 Rec8 22.
Qa2 Bd5 23. Bb3 Rc2 24. Re3 Bxb3 25. Qxb3 Rac8 26. Rf1 Qc6 27. Rfe1 Qc4 28. Qxc4
R8xc4 29. Ba1 Be7 30. Kf1 Ra2 31. Rc3 Rxe4 32. Rc7 Rxe1+ 33. Nxe1 Nd5 34. Rc8+
Kh7 35. Nc2 Nf4 36. Ke1 Bg5 37. Kd2 Nxg2+ 38. Kd1 f6 39. Rc6 d5 40. Rxa6 d4 41.
Rd6 Ne1 42. Kxe1 Rxc2 43. Bxd4 exd4 44. Rxd4 Ra2 45. Kd1 Rxf2 46. b5 Rb2 47. a4
f5 48. Rd5 f4 49. a5 f3 50. Rf5 f2 0-1

[Event "7th Sunway Sitges 2020"]
[Site "Sitges ESP"]
[Date "2020.12.14"]
[Round "2.27"]
[White "Maurizzi, Marc Andria"]
[Black "Exposito Amaro, Josue"]
[Result "1-0"]
[WhiteTitle "IM"]
[BlackTitle "FM"]
[WhiteElo "2445"]
[BlackElo "2273"]
[WhiteFideId "36083534"]
[BlackFideId "2223198"]
[EventDate "2020.12.13"]

1. e4 e5 2. Bc4 Nf6 3. d3 c6 4. Nf3 Be7 5. O-O d6 6. Re1 O-O 7. Nbd2 Re8 8. c3
Bf8 9. Bb3 Be6 10. d4 Qc7 11. Bc2 Na6 12. Nf1 h6 13. Ng3 g6 14. h3 Rad8 15. Be3
Bg7 16. Qd2 Kh7 17. Rad1 d5 18. exd5 Nxd5 19. dxe5 Nxe3 20. Qxe3 Rxd1 21. Rxd1
Bd5 22. Ne4 Bxe4 23. Qxe4 Bxe5 24. Qg4 Re7 25. h4 f5 26. Qh3 h5 27. Bxf5 gxf5
28. Qxf5+ Kg8 29. Ng5 Nc5 30. b4 Nd7 31. Ne6 Bh2+ 32. Kh1 Qe5 33. Qg6+ Kh8 34.
Rxd7 Rxd7 35. Qe8+ Kh7 36. Qxd7+ Kh6 37. Ng5 1-0

[Event "7th Sunway Sitges 2020"]
[Site "Sitges ESP"]
[Date "2020.12.14"]
[Round "2.28"]
[White "Lever, Erwan"]
[Black "Gines Esteo, Pedro Antonio"]
[Result "0-1"]
[BlackTitle "IM"]
[WhiteElo "2200"]
[BlackElo "2437"]
[WhiteFideId "20640099"]
[BlackFideId "32080190"]
[EventDate "2020.12.13"]

1. d4 f5 2. Bg5 h6 3. Bh4 g5 4. e4 Rh7 5. Be2 e6 6. Bh5+ Ke7 7. Bg3 f4 8. Bxf4
gxf4 9. Qg4 Nf6 10. Qh4 Bg7 11. e5 c5 12. Nd2 cxd4 13. Ngf3 Nc6 14. O-O d6 15.
exf6+ Bxf6 16. Qxf4 e5 17. Qe4 Qg8 18. Kh1 Be6 19. Rfe1 Rc8 20. c3 dxc3 21. bxc3
Rg7 22. c4 Rxg2 23. Rg1 d5 24. cxd5 Bxd5 25. Rxg2 Bxe4 26. Nxe4 Qd5 27. Re1 Rg8
28. Bg6 Bg5 29. Bh7 Rg7 30. Nexg5 Rxh7 31. Nxe5 hxg5 32. Nxc6+ Kf6 33. Ne5 Re7
34. Ng4+ Kf7 35. Ne3 Qa5 36. Rd1 Qxa2 37. Rxg5 Qa4 38. Rdd5 Qc6 39. Kg1 Re6 40.
h4 Rg6 41. Kh2 Rxg5 42. Rxg5 a5 43. Ng4 Qc7+ 44. Ne5+ Ke6 45. f4 a4 46. Rg3 Qc2+
47. Rg2 Qe4 48. Kg3 Kf5 49. Rf2 a3 50. Nf7 Qe3+ 51. Kg2 Qxf2+ 52. Kxf2 a2 0-1

[Event "7th Sunway Sitges 2020"]
[Site "Sitges ESP"]
[Date "2020.12.14"]
[Round "2.29"]
[White "Siebrecht, Sebastian"]
[Black "Ortega Ruiz, Jose Miguel"]
[Result "1/2-1/2"]
[WhiteTitle "GM"]
[BlackTitle "FM"]
[WhiteElo "2429"]
[BlackElo "2251"]
[WhiteFideId "4609352"]
[BlackFideId "2209713"]
[EventDate "2020.12.13"]

1. c4 e5 2. Nc3 Nf6 3. Nf3 Nc6 4. e3 Bb4 5. Qc2 Bxc3 6. bxc3 e4 7. Ng5 Qe7 8. f3
exf3 9. Nxf3 d6 10. Be2 Ne4 11. d3 Nc5 12. O-O O-O 13. Nd4 Bd7 14. Nf5 Bxf5 15.
Rxf5 g6 16. Rf2 f5 17. Bd2 Rae8 18. Raf1 Nd8 19. Bc1 Nf7 20. h3 Qg5 21. Qd1 Qe7
22. g4 Ng5 23. Kg2 fxg4 24. hxg4 Rxf2+ 25. Rxf2 Rf8 26. Qf1 Nce6 27. e4 c5 28.
Rxf8+ Qxf8 29. Qxf8+ Kxf8 30. Be3 Ke7 31. Kg3 1/2-1/2

[Event "7th Sunway Sitges 2020"]
[Site "Sitges ESP"]
[Date "2020.12.14"]
[Round "2.30"]
[White "Gardner, Leo"]
[Black "Bulmaga, Irina"]
[Result "0-1"]
[BlackTitle "IM"]
[WhiteElo "1533"]
[BlackElo "2424"]
[WhiteFideId "24585432"]
[BlackFideId "13903063"]
[EventDate "2020.12.13"]

1. e4 d6 2. d4 g6 3. Nf3 Bg7 4. Nc3 Nf6 5. Be3 a6 6. a4 O-O 7. h3 Nc6 8. Be2 e5
9. dxe5 dxe5 10. Qxd8 Rxd8 11. O-O h6 12. Bc4 Re8 13. Rfd1 Nb4 14. Bb3 Bf8 15.
Nxe5 Rxe5 16. Bd4 Bd6 17. f4 Rxe4 18. Nxe4 Nxe4 19. Re1 c5 20. Rxe4 cxd4 21.
Re8+ Kg7 22. c3 Nc6 23. cxd4 Rb8 24. d5 Nd4 25. Ba2 Bd7 26. Rxb8 Bxb8 27. Rf1
Bxf4 28. Rd1 Be5 29. a5 Kf6 30. d6 Bf5 31. Rd2 Bxd6 0-1

[Event "7th Sunway Sitges 2020"]
[Site "Sitges ESP"]
[Date "2020.12.14"]
[Round "2.31"]
[White "Lagarde, Maxime"]
[Black "Csiki, Endre"]
[Result "1/2-1/2"]
[WhiteTitle "GM"]
[BlackTitle "FM"]
[WhiteElo "2651"]
[BlackElo "2231"]
[WhiteFideId "662399"]
[BlackFideId "775126"]
[EventDate "2020.12.13"]

1. c4 e5 2. Nc3 Bb4 3. Nd5 Be7 4. Nf3 d6 5. d4 Nf6 6. Nxe7 Qxe7 7. e3 O-O 8. Be2
exd4 9. Nxd4 d5 10. cxd5 Nxd5 11. O-O Rd8 12. Bd2 c5 13. Nc2 Nc6 14. f3 Qe5 1/2-1/2

[Event "7th Sunway Sitges 2020"]
[Site "Sitges ESP"]
[Date "2020.12.14"]
[Round "2.32"]
[White "Dragnev, Valentin"]
[Black "Martin Barcelo, Carles"]
[Result "1-0"]
[WhiteTitle "GM"]
[WhiteElo "2564"]
[BlackElo "2179"]
[WhiteFideId "1634852"]
[BlackFideId "24561444"]
[EventDate "2020.12.13"]

1. e4 e6 2. d4 d5 3. Nc3 Nf6 4. e5 Nfd7 5. f4 c5 6. Nf3 Nc6 7. Be3 Be7 8. Qd2
O-O 9. dxc5 Qa5 10. a3 Nxc5 11. Be2 Rd8 12. Nd4 Qc7 13. O-O a6 14. Bd3 Bd7 15.
Rae1 g6 16. Qf2 Nxd4 17. Bxd4 Rdc8 18. Re3 Bc6 19. f5 exf5 20. Bxf5 Rf8 21. Bd3
Ne6 22. Ne2 Bb5 23. Bxb5 axb5 24. c3 Bc5 25. Qh4 Be7 26. Qg4 Qc6 27. Ng3 Kh8 28.
Qd1 Ra4 29. Kh1 Raa8 30. Ref3 Kg8 31. Be3 Bg5 32. Qd2 Bxe3 33. Qxe3 Qd7 34. Qh6
Qe7 35. Rf6 Ng7 36. R6f4 Ra4 37. b4 g5 38. Rg4 Ra6 39. Qxg7+ Kxg7 40. Nf5+ Kh8
41. Nxe7 Re6 42. Nxd5 Rxe5 43. Rd4 1-0

[Event "7th Sunway Sitges 2020"]
[Site "Sitges ESP"]
[Date "2020.12.14"]
[Round "2.33"]
[White "Shatil, Shir"]
[Black "Batsiashvili, Nino"]
[Result "0-1"]
[BlackTitle "GM"]
[WhiteElo "1920"]
[BlackElo "2466"]
[WhiteFideId "2828278"]
[BlackFideId "13602993"]
[EventDate "2020.12.13"]

1. d4 Nf6 2. c4 e6 3. Nc3 Bb4 4. e3 O-O 5. Bd3 b6 6. Ne2 Bb7 7. a3 Be7 8. e4 d5
9. e5 Ne4 10. Qc2 Nxc3 11. Nxc3 h6 12. cxd5 exd5 13. Be3 c5 14. Ne2 Nc6 15. f4
Rc8 16. Qd2 Na5 17. f5 Bh4+ 18. g3 Bg5 19. Bxg5 Qxg5 20. Qxg5 hxg5 21. Bb5 Bc6
22. Bxc6 Nxc6 23. Rd1 cxd4 24. O-O Rfe8 25. Nxd4 Nxd4 26. Rxd4 Rxe5 27. Rf2 Rc4
28. Rxc4 dxc4 29. g4 Kf8 30. Rc2 Re4 31. h3 b5 32. Kf2 Rd4 33. Re2 Rd3 34. Kg2
Rb3 35. Kh2 a5 36. Rc2 Ke7 37. a4 Kd6 38. axb5 Kc5 39. Re2 Kxb5 40. Re5+ Kb4 41.
Re2 a4 42. Kg2 f6 43. Kh2 a3 44. bxa3+ Rxa3 45. Re7 c3 46. Rb7+ Kc4 47. Rxg7 c2
48. Rc7+ Kd3 49. Kg2 Kd2 50. Rd7+ Rd3 0-1

[Event "7th Sunway Sitges 2020"]
[Site "Sitges ESP"]
[Date "2020.12.14"]
[Round "2.34"]
[White "Gatineau, Yovann"]
[Black "Mitran, Anthony Cristian"]
[Result "1/2-1/2"]
[WhiteTitle "IM"]
[WhiteElo "2423"]
[BlackElo "2157"]
[WhiteFideId "26028999"]
[BlackFideId "240052"]
[EventDate "2020.12.13"]

1. e4 c5 2. Nf3 Nc6 3. Bb5 d6 4. Bxc6+ bxc6 5. d4 cxd4 6. Qxd4 c5 7. Qd3 g6 8.
O-O Bg7 9. Nc3 Nh6 10. Rd1 O-O 11. Bf4 Rb8 12. Qd2 Ng4 13. h3 Nf6 14. e5 Ne8 15.
Rab1 Bb7 16. Qe3 Qa5 17. Re1 Rd8 18. exd6 exd6 19. Nd2 Nc7 20. Qg3 Ne8 21. Rbd1
d5 22. Nb3 Qb4 23. a3 Qc4 24. Re7 Ba8 25. Na5 Qa6 26. Nb3 c4 27. Nd4 Qb6 28. Be5
Bxe5 29. Qxe5 Qxb2 30. Nce2 Qxa3 31. Nf4 Qd6 32. Qe3 Ng7 33. Rxa7 Rde8 34. Qf3
Ne6 35. Nfxe6 fxe6 36. Qg4 e5 37. Qh4 h5 38. Nb5 Qb6 39. Qg3 Rf7 40. Rxf7 Kxf7
41. Qf3+ Kg7 42. Nc3 d4 43. Ne4 Rf8 44. Qe2 d3 45. cxd3 cxd3 46. Qxd3 Bxe4 47.
Qxe4 Qxf2+ 48. Kh1 Qf4 49. Rd7+ Rf7 50. Qxf4 exf4 51. Rd5 Kh6 52. Kh2 g5 53.
Rd6+ Kg7 54. Kg1 Rf6 55. Rd5 Kg6 56. Kf2 Ra6 57. Rb5 g4 58. hxg4 hxg4 59. Ke2
Ra2+ 60. Kf1 Kf6 61. Rc5 Rd2 62. Ra5 Kg6 63. Rb5 g3 64. Ra5 Rd1+ 65. Ke2 Rg1 66.
Kf3 Rf1+ 67. Kg4 Rf2 68. Rg5+ Kh6 69. Rh5+ Kg6 70. Rg5+ Kh6 1/2-1/2

[Event "7th Sunway Sitges 2020"]
[Site "Sitges ESP"]
[Date "2020.12.14"]
[Round "2.35"]
[White "Khoury, Theo"]
[Black "Carbonell Sancho, Marc"]
[Result "0-1"]
[WhiteElo "1732"]
[BlackElo "2318"]
[WhiteFideId "480703"]
[BlackFideId "32029969"]
[EventDate "2020.12.13"]

1. e4 c5 2. Nf3 Nc6 3. d4 cxd4 4. Nxd4 g6 5. c4 Bg7 6. Be3 Nf6 7. Nc3 O-O 8. Be2
d6 9. O-O Bd7 10. h3 a5 11. f4 Nxd4 12. Bxd4 Bc6 13. Bf3 Nd7 14. Bxg7 Kxg7 15.
Qd4+ Kg8 16. Nd5 Bxd5 17. cxd5 a4 18. Rac1 Qa5 19. e5 Nc5 20. exd6 exd6 21. f5
Rae8 22. Qf4 Re5 23. f6 Qb6 24. Kh1 Rf5 25. Qd4 Qd8 26. Bg4 Rxf1+ 27. Rxf1 Re8
28. Qf4 Re5 29. Be6 Nxe6 30. dxe6 Rxe6 31. Qxa4 d5 32. Qd4 Re4 33. Qd3 Qd6 34.
Rc1 h5 35. Qd2 Rf4 36. Qc2 Rc4 37. Qd2 Rxc1+ 38. Qxc1 Qxf6 39. Qc8+ Kg7 40. Qxb7
Qf1+ 41. Kh2 d4 42. a4 d3 43. Qb4 Qe2 44. Qd4+ f6 45. Qd7+ Kh6 46. Qf7 Qe5+ 47.
g3 Qe2+ 48. Kg1 d2 49. Qf8+ Kg5 50. Qc5+ f5 51. h4+ Kg4 52. Qd4+ Kh3 0-1

[Event "7th Sunway Sitges 2020"]
[Site "Sitges ESP"]
[Date "2020.12.14"]
[Round "2.36"]
[White "Antova, Gabriela"]
[Black "Fernandez Alonso, Miguel Angel"]
[Result "1/2-1/2"]
[WhiteTitle "FM"]
[WhiteElo "2247"]
[BlackElo "2045"]
[WhiteFideId "2915235"]
[BlackFideId "2253852"]
[EventDate "2020.12.13"]

1. d4 Nf6 2. c4 b6 3. Nf3 Bb7 4. g3 e6 5. Bg2 Bb4+ 6. Bd2 Bxd2+ 7. Qxd2 O-O 8.
Nc3 Ne4 9. Qc2 Nxc3 10. Ng5 Qxg5 11. Bxb7 Nxe2 12. Qxe2 Nc6 13. Bxa8 Rxa8 14.
Qe3 Qa5+ 15. Qc3 Nxd4 16. Qxa5 bxa5 17. Kd2 c5 18. h3 Rb8 19. Kc3 f6 20. Rhe1
Kf7 21. Rad1 Ke7 22. Rh1 e5 23. Rhe1 Ke6 24. b3 Rb6 25. Rb1 d6 26. Rb2 Rb7 27.
Rd1 Rb6 28. a3 Nc6 29. Rbd2 Nd4 30. Rb2 Nc6 31. Rbd2 Nd4 1/2-1/2

[Event "7th Sunway Sitges 2020"]
[Site "Sitges ESP"]
[Date "2020.12.14"]
[Round "2.37"]
[White "Luque Saiz, Andres"]
[Black "Alvarez Albiol, Victor"]
[Result "0-1"]
[WhiteElo "2069"]
[BlackElo "2206"]
[WhiteFideId "24510793"]
[BlackFideId "32065930"]
[EventDate "2020.12.13"]

1. e4 c5 2. Nf3 d6 3. d4 cxd4 4. Nxd4 Nf6 5. Nc3 Nc6 6. Be3 Ng4 7. Bb5 Nxe3 8.
Nxc6 Nxd1 9. Nxd8+ Kxd8 10. Rxd1 e6 11. Be2 a6 12. Na4 Kc7 13. c4 Bd7 14. Nc3
Be7 15. O-O Bf6 16. Rc1 Rhb8 17. b3 Kd8 18. f4 Bd4+ 19. Kh1 b5 20. Bd3 b4 21.
Ne2 Bc5 22. Rcd1 Ke7 23. Ng3 f6 24. Nh5 g6 25. Ng3 a5 26. Bc2 a4 27. Rd3 axb3
28. Bxb3 Bc6 29. Re1 h5 30. Nf1 f5 31. Nd2 Rf8 32. h3 Rg8 33. Kh2 Raf8 34. Re2
h4 35. e5 dxe5 36. Rxe5 Bf2 37. c5 Rf6 38. Nf1 Bb5 39. Rf3 Bd4 40. Re1 Bxc5 41.
Ne3 Bc6 42. Nd5+ Bxd5 43. Bxd5 g5 44. Kh1 g4 45. hxg4 fxg4 46. Rff1 Kd6 47. Bb3
Rgf8 48. Re4 g3 49. Rf3 Ke7 50. f5 Rxf5 51. Bxe6 Rxf3 52. Bg4+ Kd6 53. gxf3 Ra8
54. Re6+ Kc7 55. Re2 b3 56. Be6 bxa2 57. Bxa2 h3 0-1

[Event "7th Sunway Sitges 2020"]
[Site "Sitges ESP"]
[Date "2020.12.14"]
[Round "2.38"]
[White "Bin-Suhayl, Ieysaa"]
[Black "Ruiz Buendia, Miguel"]
[Result "0-1"]
[WhiteElo "2193"]
[BlackElo "2039"]
[WhiteFideId "429031"]
[BlackFideId "24537675"]
[EventDate "2020.12.13"]

1. Nf3 c5 2. c4 Nf6 3. g3 d5 4. cxd5 Nxd5 5. Bg2 Nc6 6. d4 cxd4 7. Nxd4 e5 8.
Nxc6 bxc6 9. O-O Be6 10. Nc3 Be7 11. Qa4 Qd7 12. Rd1 Rd8 13. Be3 O-O 14. Bxa7
Qb7 15. Nxd5 cxd5 16. Be3 Qxb2 17. Qa5 Bb4 18. Qa6 d4 19. Rab1 Qa3 20. Qxa3 Bxa3
21. Bc1 Bxc1 22. Rbxc1 Bxa2 23. Rc5 Rfe8 24. Ra1 Bb3 25. Bc6 Rc8 26. f4 f6 27.
Bxe8 Rxc5 28. Ra8 Be6 29. Bd7+ Kf7 30. Bxe6+ Kxe6 31. Ra7 e4 32. Rxg7 Rc2 33.
Kf1 d3 34. exd3 exd3 35. Rxh7 Rc1+ 0-1